Электрический и тепловой расчет кабеля: учебное пособие

Bibliographic Details
Main Author: Брагин С. М. Сергей Михайлович
Summary:Книга является учебным пособием по второй части курса "Основы кабельной техники". В ней излагаются основы электрического и теплового расчета кабелей высокого напряжения разного типа в зависимости от конструкции, свойств примененных для изготовления кабелей материалов и условий эксплуатации. Книга предназначается для студентов энергетических вузов и техникумов, для инженеров и техников кабельной промышленности.
Language:Russian
Published: Москва, Госэнергоиздат, 1960
Subjects:
Format: Book
KOHA link:https://koha.lib.tpu.ru/cgi-bin/koha/opac-detail.pl?biblionumber=33583

MARC

LEADER 00000nam0a2200000 4500
001 33583
005 20231101210156.0
035 |a (RuTPU)RU\TPU\book\33936 
035 |a BOOK00000587 
090 |a 33583 
100 |a 20011210d1960 m y0rusy50 ca 
101 0 |a rus 
102 |a RU 
105 |a a j 001zy 
200 1 |a Электрический и тепловой расчет кабеля  |e учебное пособие  |f С. М. Брагин 
210 |a Москва  |a Ленинград  |c Госэнергоиздат  |d 1960 
215 |a 328 с.  |c ил. 
316 |5 63413507: КР-6697  |a На форзаце дарственная надпись : "Глубокоуважаемому Александру Акимовичу Воробьеву на память [2]7/IV.60 С. Брагин" 
317 |5 63413507: КР-6697  |a Поступил в НТБ в 1987 г. в дар от вдовы ученого Е. К. Завадовской 
320 |a Библиогр.: с. 328 
330 |a Книга является учебным пособием по второй части курса "Основы кабельной техники". В ней излагаются основы электрического и теплового расчета кабелей высокого напряжения разного типа в зависимости от конструкции, свойств примененных для изготовления кабелей материалов и условий эксплуатации. Книга предназначается для студентов энергетических вузов и техникумов, для инженеров и техников кабельной промышленности. 
606 1 |a Кабели  |x Расчет  |2 stltpush  |3 (RuTPU)RU\TPU\subj\13340  |9 39959 
610 1 |a кабельная техника 
610 1 |a электрический расчет 
610 1 |a силовые кабели 
610 1 |a электрическое поле 
610 1 |a электрическая прочность 
610 1 |a кабельная изоляция 
610 1 |a магнитное поле 
610 1 |a тепловой расчет 
610 1 |a источники тепла 
610 1 |a тепловые сопротивления 
610 1 |a вычисление 
610 1 |a нагревание 
610 1 |a охлаждение 
610 1 |a учебные пособия 
610 1 |a библиотека А. А. Воробьева 
675 |a 621.315.2.001(075.8)  |v 4 
700 1 |a Брагин  |b С. М.  |g Сергей Михайлович 
801 0 |a RU  |b 63413507  |c 20011210  |g PSBO 
801 2 |a RU  |b 63413507  |c 20220615  |g PSBO 
900 |a Основы кабельной техники 
942 |c BK